000 01058nam a2200241Ia 4500
999 _c64765
_d64765
003 GCL
005 20240530110749.0
008 140319s9999 xx 000 0 ara d
040 _aGCL /
_cGCL
082 0 4 _a624.1 \
_bع م
100 1 _aعماد درويش
245 1 0 _aالمرجع الشامل فى الهندسة الانشائية : تصميم المنشآت على الزلازل ج 3 :
_bمع موجز حول الحاسبات العددية فى الهندسة الانشائية /
_cعماد درويش
260 _aسوريا :
_bدار دمشق للنشر والتوزيع والطباعة ،
_c1994
300 _a228 ص ؛
_c24 سم
490 _aالمرجع الشامل فى الهندسة الانشائية
_v3
650 0 4 _aالهندسة
650 0 4 _aالهندسة الانشائية
650 0 4 _aالهندسة الانشائية - نظريات
650 0 4 _aالتحليل الانشائى
650 0 4 _aالمنشآت الهندسية
650 0 4 _aالهندسة الانشائية - تصميمات
942 _2ddc
_cBK